000 00495nam a2200169 i 4500
001 147304
003 ES-MaACL
005 20230906201922.0
007 t|
008 070927s1906 fr ||||1| spa d
100 1 _aUchard, Mario.
_9111856
245 1 0 _aMi tio Barbasson /
_cMario Uchard ; versión castellana de M. de Toro y Gómez.
260 _aParis :
_b[Paul Dupont],
_c1906.
300 _a320 p. ;
_c17 cm.
700 1 _aToro y Gómez, Miguel de.
_9110692
852 _aES-MaACL
_jD-3778
999 _c147304
_d147304